Dominación y acuerdo /
Guardado en:
| Autor Principal: | |
|---|---|
| Formato: | Desconocido |
| Idioma: | Spanish |
| Publicado: |
Barcelona :
Gedisa,
1992
|
| Edición: | 1a. ed. |
| Series: | Estudios Alemanes
|
| Materias: | |
| Etiquetas: |
Agregar Etiqueta
Sin Etiquetas, Sea el primero en etiquetar este registro!
|
| LEADER | 00469nac a22001695a 4500 | ||
|---|---|---|---|
| 001 | DER.der000455 | ||
| 008 | 180615s1992####|||||||||||||||||#||spa|| | ||
| 005 | 20260211100328.0 | ||
| 245 | 1 | 0 | |a Dominación y acuerdo / |c Dolf Ssternberger |
| 250 | |a 1a. ed. | ||
| 260 | |a Barcelona : |b Gedisa, |c 1992 | ||
| 300 | |a 199 p. | ||
| 440 | 0 | |a Estudios Alemanes | |
| 020 | |a 8474324386 | ||
| 100 | 1 | |a Sternberger, Dolf | |
| 650 | 7 | |a CIENCIA POLITICA | |
| 859 | |a DERECHO |b BIB. DERECHO |h 340.1 |i STE |p 000420 | ||
